| 000 | 01120nam0a22002771 4500 | ||
|---|---|---|---|
| 001 | rc\3198275 | ||
| 005 | 20120628151530.2 | ||
| 035 | _a(NLR Aleph) 007344140 | ||
| 090 |
_a6140425 _c6140425 |
||
| 100 | _a20120628d1976 |||y0rusy50 ca | ||
| 101 | 0 | _arus | |
| 102 | _aRU | ||
| 105 | _ay c ||||| | ||
| 200 | 1 |
_aМетодические указания по определению необходимой численности механизаторов в колхозах и совхозах _fВНИИ механизации сел. хоз-ва. (ВИМ). Сев.-Кавк. филиал |
|
| 210 |
_aМосква _cБ. и. _d1976 |
||
| 215 |
_a76 с. _d20 |
||
| 300 | _aНа обороте тит. л.: разраб. инж. В.П. Зубко, экономист Л.С. Крохмаль, инж. А.К. Шибаршин | ||
| 320 | _aБиблиогр.: с. 74-75 | ||
| 702 | 1 |
_aКрохмаль _bЛ. С. _4570 |
|
| 702 | 1 |
_aЗубко _bВ. П. _4570 |
|
| 702 | 1 |
_aШибаршин _bА. К. _4570 |
|
| 801 | 0 |
_aRU _bNLR _gpsbo |
|
| 801 | 1 |
_aRU _bELAR _2rusmarc |
|
| 852 |
_aNLR _j77-4/6092 |
||
| 942 | _cBOOK | ||
| 980 | _aNB | ||